000 00420nam a2200157 4500
001 114176
003 ES-MaACL
007 t|
008 061121s1968 sp r ||||1| spa d
100 1 _aPalomino, Angel.
_988695
245 1 0 _aZamora y Gomorra /
_cAngel Palomino.
250 _a1ª ed.
260 _aBarcelona [etc.] :
_bPlaza y Janés,
_c1968.
300 _a218 p. ;
_c19 cm.
852 _aES-MaACL
_jB-8527
_bR.65676
999 _c114176
_d114176